| 000 | 00519nam a2200193 a 4500 | ||
|---|---|---|---|
| 005 | 20210219152841.0 | ||
| 008 | 991125n 000 0 spa u | ||
| 035 | _aUPN01000062987 | ||
| 100 | _aMESTA AGUILAR, María Magdalena | ||
| 222 | _aCOMUNICACION EDUCATIVA SEP | ||
| 245 | _aAdaptación del niño al medio social | ||
| 300 | _a21 | ||
| 362 | _a1984 Año 2, no. 14, jun. | ||
| 653 | 0 | _aADAPTACION SOCIAL | |
| 653 | 0 | _aDESARROLLO INFANTIL | |
| 653 | 0 | _aNIÑOS | |
| 904 |
_aAC _b000798 |
||
| 905 | _aArticulo | ||
| 999 |
_c61923 _d61923 |
||